Drought frontiers in rice : (Record no. 14954)

000 -LEADER
fixed length control field 00617cam a22002177a 4500
020 ## - INTERNATIONAL STANDARD BOOK NUMBER
ISBN 9789814280006
020 ## - INTERNATIONAL STANDARD BOOK NUMBER
ISBN 9814280003
040 ## - CATALOGING SOURCE
Transcribing agency BTCTA
082 00 - DEWEY DECIMAL CLASSIFICATION NUMBER
Classification number 633 WOR 2009 A053 Or.
245 00 - TITLE STATEMENT
Title Drought frontiers in rice :
Remainder of title crop improvement for increased rainfed production /
260 ## - PUBLICATION, DISTRIBUTION, ETC. (IMPRINT)
Place of publication Hackensack, N.J. :
Name of publisher World Scientific Publishing Company,
Year of publication c2009.
300 ## - PHYSICAL DESCRIPTION
Number of Pages viii, 400 p. :
Other physical details ill. (some col.), maps (some col.) ;
Dimensions 24 cm.
650 #0 - SUBJECT ADDED ENTRY--TOPICAL TERM
Topical Term Rice
650 #0 - SUBJECT ADDED ENTRY--TOPICAL TERM
Topical Term Rice
650 #0 - SUBJECT ADDED ENTRY--TOPICAL TERM
Topical Term Rice
650 #0 - SUBJECT ADDED ENTRY--TOPICAL TERM
Topical Term Grain
700 1# - ADDED ENTRY--PERSONAL NAME
Personal name Serraj, Rachid.
700 1# - ADDED ENTRY--PERSONAL NAME
Personal name Bennett, J.
700 1# - ADDED ENTRY--PERSONAL NAME
Personal name Hardy, B.
942 ## - ADDED ENTRY ELEMENTS (KOHA)
Koha item type សៀវភៅភាសាអង់គ្លេស
952 ## - LOCATION AND ITEM INFORMATION (KOHA)
Withdrawn status [LOCAL, KOHA] 0
Holdings
Permanent Location Date acquired Koha item type Lost status Shelving location Barcode Current Location Full call number
Library Block A2017-11-01សៀវភៅភាសាអង់គ្លេស A053A21516Library Block A633 WOR 2009 A053 Or.
មជ្ឈមណ្ឌលឯការនៃសាកលវិទ្យាល័យភូមិន្ទកសិកម្មចំការដូង

Powered by Koha